| 000 | 00932nam a22002177a 4500 | ||
|---|---|---|---|
| 003 | OSt | ||
| 005 | 20250911174034.0 | ||
| 008 | 240206b ||||| |||| 00| 0 eng d | ||
| 040 | _c0 | ||
| 082 | _aDPer 621.381 In821 April 2022 v. 37 n. 4 | ||
| 100 |
_aMe, Si Phu. _eauthor. _951616 |
||
| 245 |
_aAdaptive virtual resistance for postfault oscillation damping in grid-forming inverters / _cSi Phu Me, Sasan Zabihi, Frede Blaabjerg, and Behrooz Bahrani. |
||
| 260 |
_aNew York ; _bThe Institute of Electrical and Electronics Engineers, Inc. , _cApril 2022. |
||
| 300 |
_aVolume 37, pages 3813-3824 : _billustration ; _c28 cm. |
||
| 500 | _aIEEE Transaction on Power Electronics, vol. 37, no. 4, pages 3813-3824, April 2022. | ||
| 700 |
_aMe, Si Phu. _eauthor. _951616 |
||
| 700 |
_aZabihi, Sasan. _eauthor. _951617 |
||
| 700 |
_aBlaabjerg, Frede. _eauthor. _951618 |
||
| 700 |
_aBahrani, Behrooz. _eauthor. _951619 |
||
| 942 |
_2ddc _cPER |
||
| 999 |
_c18954 _d18954 |
||